000 02601nam a2200589 a 4500
001 21616
003 VRT
005 20260306142658.0
008 250414s1984 xo 0 slo
015 _aSNBA1984/06
035 _aSNK000061540
039 9 _a202504141431
_bVLOAD
_c202407220824
_dAUTHORITY
_c202306041355
_dAUTHORITY
_c202306041347
_dAUTHORITY
040 _aSNK
_bslo
_cSNK
_eAACR2
041 0 _aslo
044 _axo
_cSK
080 _a820/899 (100)-93(087.5)
_21981
080 _a820/899 (100)-3(087.5)
_21981
245 0 0 _aRozprávky zďaleka i zblízka ; Magda Baloghová, Katarína Hatalová, Danica Hollá, Pavla Kováčová, Silvia Kršková, Michal Nadubinský, Marián Servátka, Kveta Slobodníková, Elena Slobodová, Júlia Stajková, Nadežda Šoltýsová, Ľubica Vychovalá, István Bara, Eberhard Binder, Antoni Boratynski, Miroslav Cipár, Olga Čechová, Ančka Gosnik-Godecová, Miroslav Jágr, Cvijeta Jobová, Oľga Johanidesová, Alexander Koškin, Branislav Slezáček
250 _a1. vyd.
260 _aBratislava
_bMladé letá
_c1984
_eMartin
_fTlačiarne SNP
300 _a264 s., 19,12 AH
_bSch.
_c26 cm
366 _e23000 výtl.
500 _aIlustr. na front. a tit. liste. Pre čitateľov od 9 rokov. Spoluvyd. Albatros, Praha. Mimo edície.
700 1 _aBaloghová, Magda,
_d1945-
_4trl
700 1 _aHatalová, Katarína
_4trl
700 1 _aHollá-Terenová, Danica,
_d1954-
_4trl
700 1 _aKováčová, Pavla,
_d1931-2014
_4trl
700 1 _aKršková, Silvia
_4trl
700 1 _aNadubinský, Michal,
_d1935-2004
_4trl
700 1 _aServátka, Marián,
_d1951-
_4trl
700 1 _aSlobodníková, Kveta
_4trl
700 1 _aSlobodová, Elena,
_d1940-
_4trl
700 1 _aStajková, Júlia,
_d1921-2001
_4trl
700 1 _aŠoltýsová, Nadežda,
_d1933-2000
_4trl
700 1 _aVychovalá, Ľubica
_4trl
700 1 _aBara, István
_4bkd
700 1 _aBinder, Eberhard,
_d1924-1998
_4bkd
700 1 _aBoratynski, Antoni
_4bkd
700 1 _aCipár, Miroslav,
_d1935-2021
_4bkd
700 1 _aČechová, Olga,
_d1925-2010
_4bkd
700 1 _aGosnik-Godecová, Ančka
_4bkd
700 1 _aJágr, Miloslav,
_d1927-1997
_4bkd
700 1 _aJobová, Cvijeta
_4bkd
700 1 _aJohanidesová, Oľga,
_d1942-2007
_4bkd
700 1 _aKoškin, Alexander
_4bkd
700 1 _aSlezáček, Branislav,
_d1949-
_4bkd
942 _2ddc
_cKLDE
_n0
949 _617A0791666
_asnkSB 37578
_s6101:20151012
949 _617A0209082
_9P60, <05>, [BOOK], {605}
_asnkSB 37578 D1
999 _c21616
_d21616